| 000 | 01034nam a2200241 i 4500 | ||
|---|---|---|---|
| 001 | 169976 | ||
| 003 | ES-MaACL | ||
| 005 | 20230906214246.0 | ||
| 008 | 090105s1855 fr |||| | fre d | ||
| 080 | _a821.133.1"18" | ||
| 100 | 1 |
_aDelavigne, Casimir. _943338 |
|
| 245 | 1 | 0 |
_aOeuvres complètes / _cde Casimir Delavigne. |
| 250 | _aNouv. éd. rev. et augm. | ||
| 260 |
_aParis : _bDidier, _c1855. |
||
| 300 |
_a556, [4], 67 p., [13] h. de lám., grab. : _bil. ; _c27 cm. |
||
| 500 | _aÍndice. | ||
| 505 | 8 | _aContiene: Théâtre ; Messéniennes ; Poésies populaires et diverses ; Oeuvres posthumes : Derniers chants, poëmes et ballades sur l'Italie. | |
| 594 | _aCon port. propia: Derniers chants : poëmes et ballades sur L'Italie, par Casimir Delavigne ; précédés d'une notice par M. Germain Delavigne. - (67 p.) | ||
| 599 | _aRetr. del autor. | ||
| 600 | 0 | 4 |
_aDelavigne, Casimir. _943338 |
| 700 | 1 |
_aDelavigne, Germain. _9139024 |
|
| 852 | 4 |
_aES-MaACL _jE-12374 _9R.140574 _z.- Biblioteca Jacinto Martínez Lacalle |
|
| 999 |
_c169976 _d169976 |
||